000 00472nam a22001577a 4500
003 MACL
005 20160716165619.0
008 160716b xxu||||| |||| 00| 0 eng d
040 _cMACL
041 _aHindi
082 _a641 KAP
100 _aकपूर, संजीव
_964566
245 _aनो-ऑयल कुकिंग
_cसंजीव कपूर
260 _aमु्ंबई
_bपॉप्‍युलर प्रकाशन
942 _2ddc
_cHIN
999 _c54333
_d54333